Word Ladder: I Ordered the Turkey Quiz Stats

 Plays Quiz Updated Nov 5, 2017

Score 0/22 Timer 02:00
0 Plays Today
Clue 4-Letter Word % Correct
Adjust, as guitar stringsTUNE
95.7%
■ Yellowfin or bluefin, e.g. ■■ TUNA ■
93.6%
'K' or 'Wal-' followerMART
92%
Pitchfork spikeTINE
91.5%
Bit of flooringTILE
91.5%
Curfew for a vampireDAWN
88.9%
Cash register drawerTILL
88.9%
Barley used in brewingMALT
88.6%
Raised mark from a whipWELT
88.1%
Water sourceWELL
88%
■ Liquefy; become tender ■■ MELT ■
87.6%
Clue 4-Letter Word % Correct
First part of the dayMORN
86.8%
Poker player's giveawayTELL
85.1%
■ Soft, fine feathers ■■ DOWN ■
84.3%
Blowgun ammunitionDART
84.1%
Athletics vaulting rodPOLE
83.5%
To a greater degree or extentMORE
82.6%
Opening in the skinPORE
82.4%
Like freshly cut grassMOWN
81.9%
Exclamation of annoyanceDARN
80.6%
■ Participate in an election ■■ VOTE ■
80.2%
Crop-destroying little rodentVOLE
76.1%

Today's Daily Dose

Missing Word
Wicked Songs

Word Ladder
Blue Ivies

Get the Picture
Green on the Flag?

You're not logged in!

Compare scores with friends on all Sporcle quizzes.
OR
Log In

You Might Also Like...

Show Comments

Extras

Top Quizzes Today


Score Distribution

Your Account Isn't Verified!

In order to create a playlist on Sporcle, you need to verify the email address you used during registration. Go to your Sporcle Settings to finish the process.

Report this User

Report this user for behavior that violates our Community Guidelines.

Details: